Selfessness in sartre's existentialism and early buddhism (Record no. 291873)

MARC details
000 -LEADER
fixed length control field 00629nam a2200205Ia 4500
003 - CONTROL NUMBER IDENTIFIER
control field OSt
005 - DATE AND TIME OF LATEST TRANSACTION
control field 20250909112650.0
008 - FIXED-LENGTH DATA ELEMENTS--GENERAL INFORMATION
fixed length control field 220917b |||||||| |||| 00| 0 eng d
037 ## - SOURCE OF ACQUISITION
Terms of availability TB
040 ## - CATALOGING SOURCE
Original cataloging agency ARTS
Transcribing agency ARTS
Language of cataloging eng
041 ## - LANGUAGE CODE
Source of code eng
Language code of text/sound track or separate title eng
084 ## - COLON CLASSIFICATION NUMBER
Classification number Q4 M8
Assigning agency AL
100 ## - MAIN ENTRY--PERSONAL NAME
Personal name Mererk Phramaha Prayoon
9 (RLIN) 155286
245 #0 - TITLE STATEMENT
Title Selfessness in sartre's existentialism and early buddhism
260 ## - PUBLICATION, DISTRIBUTION, ETC.
Place of publication, distribution, etc. Wat
Name of publisher, distributor, etc. Mahadhatu Mahachulalongkorn Buddhist University Bangkok
Date of publication, distribution, etc. 1988
300 ## - PHYSICAL DESCRIPTION
Extent xv, 224p.
Dimensions cm.
650 ## - SUBJECT ADDED ENTRY--TOPICAL TERM
Topical term or geographic name entry element RELIGION
9 (RLIN) 820509
942 ## - ADDED ENTRY ELEMENTS (KOHA)
Classification part Q4 M8
Koha item type Textbook
Source of classification or shelving scheme Colon Classification (CC)
Suppress in OPAC No
Holdings
Withdrawn status Lost status Damaged status Not for loan Home library Current library Date acquired Total Checkouts Full call number Barcode Date last seen Price effective from Koha item type
        Arts Library Arts Library 2022-09-18   Q4 M8 AL0998404 2022-09-18 2022-09-18 Textual
Copyright @ Delhi University Library System